Capitals Without the Letters of “Amman” - Statistics

General Stats
  • This quiz has been taken 6 times
  • The average score is 7 of 16
Answer Stats
Continents Capitals % Correct
South America Sucre
67%
Asia Beirut
50%
Europe Kiev
50%
Europe Oslo
50%
Africa Port Louis
50%
South America Quito
50%
Europe Skopje
50%
Asia Tokyo
50%
Asia Bishkek
33%
Europe Brussels
33%
Asia Dili
33%
Africa Djibouti
33%
Asia Tbilisi
33%
Africa Tripoli
33%
Africa Libreville
17%
Asia Seoul
17%
No matching quizzes found
Score Distribution
Percent of People with Each Score
Percentile by Number Answered
Your Score History
You have not taken this quiz